MARC

LEADER 00000nam0a2200000 4500
001 299509
005 20231102001217.0
035 |a (RuTPU)RU\TPU\book\324661 
090 |a 299509 
100 |a 20150630d1982 km y0rusy50 ca 
101 0 |a rus 
102 |a RU 
105 |a y z 001zb 
200 1 |a Абу-Наср аль-Фараби  |f А. Х. Касымжанов 
210 |a Москва  |c Мысль  |d 1982 
215 |a 198 с. 
225 1 |a Мыслители прошлого 
320 |a Указ. имен: с. 191-193 
320 |a Библиогр.: с. 194-197 
600 1 |a Фараби (аль-Фараби)  |b А. Н. ибн М.  |c мусульманский философ  |f 870-950  |g Абу Наср ибн Мухаммед  |2 stltpush  |3 (RuTPU)RU\TPU\pers\11324  |9 2539 
606 1 |a Средневековая философия  |2 stltpush  |3 (RuTPU)RU\TPU\subj\56092  |9 74023 
610 1 |a философская мысль 
610 1 |a философы 
610 1 |a восточная философия 
610 1 |a средние века 
610 1 |a познание 
610 1 |a логика 
610 1 |a этика 
610 1 |a политика 
686 |a Ю3(0)41  |v LBC/SL-A  |2 rubbk 
700 1 |a Касымжанов  |b А. Х.  |g Агын Хайруллович 
801 1 |a RU  |b 63413507  |c 20150630 
801 2 |a RU  |b 63413507  |c 20190328  |g RCR 
942 |c BK